Codes deutscher Flughäfen - Statistiken

Allgemein
  • Dieses Quiz wurde 294 mal gespielt
  • Das Durchschnittsergebnis liegt bei 12 aus 37
Antwortstatistiken
Hint Antwort % Korrekt
Berlin-Brandenburg BER
90%
Frankfurt am Main FRA
89%
Hamburg HAM
79%
Bremen BRE
78%
Düsseldorf DUS
78%
München MUC
70%
Erfurt/Weimar ERF
58%
Dresden DRS
54%
Köln/Bonn CGN
50%
Dortmund DTM
45%
Stuttgart STR
43%
Hannover HAJ
38%
Leipzig/Halle LEJ
38%
Paderborn/Lippstadt PAD
37%
Frankfurt/Hahn HHN
34%
Nürnberg NUE
33%
Münster/Osnabrück FMO
23%
Niederrhein/Weeze NRN
23%
Friedrichshafen FDH
21%
Lübeck LBC
20%
Karlsruhe/Baden-Baden FKB
18%
Memmingen FMM
15%
Rostock-Laage RLG
14%
Lahr LHA
12%
Saarbrücken SCN
12%
Westerland/Sylt GWT
11%
Heringsdorf HDF
11%
Ingolstadt/Manching IGS
11%
Kassel/Calden KSF
11%
Braunschweig BWE
9%
Cuxhaven/Nordholz FCN
7%
Magdeburg/Cochstedt CSO
6%
Neubrandenburg FNB
6%
Oberpfaffenhofen OBF
6%
Siegerland SGE
6%
Stralsund/Barth BBH
4%
Schwerin/Parchim SZW
4%
Keine übereinstimmenden Quizze gefunden
Verteilung der Resultate
Anzahl Personen mit jedem Resultat
Perzentil nach korrekt beantworteten Fragen
Ihre Resultats-Entwicklung
Sie haben dieses Quiz noch nicht gespielt